000 00648nam a2200217Ia 4500
001 9944
003 GE_BSU
008 181216s||||||||xx |||||||||||||| ||und||
040 _cGE_BSU
080 _a821.353.1-1
100 _aნიქაბაძე,ჯანსუღ
245 _aლექსები
245 _cრედ:ილ.ხოშტარია;მხატვ:მ.კიკნაველიძე
260 _aთბილისი.
260 _bსაბჭ.საქართველო
260 _c1968.
300 _a84გვ;17სმ.
300 _bფოტო.
653 _aლექსები
942 _cBK
999 _c43219
_d43219